000 00687nam a2200289Ia 4500
005 20260324111704.0
008 008 260324s9999 xx 000 0 eng d
020 _a9781003373339
037 _aEBOOK
040 _aCRL
040 _beng
040 _cCRL
041 _2eng
041 _aeng
084 _qCRL
100 _aČaslav Pejović
_91139600
245 0 _aInternational Maritime Law and Practice
245 0 _bComparative Law in Context
260 _bTaylor and Francis
260 _c2025
365 _a
365 _b315
856 _uhttp://www.taylorfrancis.com/books/9781003373339
942 _cEBOOK
999 _c1728506
_d1728506